00405nam a2200181Ia 4500008004100000020001800041050001400059100001800073245001100091245002100102260001500123260001600138260000900154300001500163300002700178300001000205500000800215170918s9999 xx 000 0 und d a9780439803915 bG441 2005 aGibbons, Gail aOwls / cby Gail Gibbons. aNew York : bScholastic, c2005 a32 pages : bcolored illustration ; c22cm. a760